000 01902cam a22004334i 4500
003 PE-LiUPU
005 20250731183443.0
008 150706s2008 r 000 0 d
020 _a9789587162295
035 _a(Sirsi) i9789587162295
040 _aPE-LiUPU
_bspa
_cPE-LiUPU
_erda
049 _aPRUA
082 0 4 _a745.4
_bB23
_221
100 1 _aBarrera Jurado, Gloria Stella,
_eautor.
245 1 0 _aDiseño socialmente responsable :
_bideología y participación /
_cGloria Stella Barrera Jurado y Ana Cielo Quiñones Aguilar.
264 1 _aBogotá :
_bPontificia Universidad Javeriana,
_c2008.
300 _a108 páginas :
_bilustraciones ;
_c24 cm.
336 _atext
_2rdacontent
337 _aunmediated
_2rdamedia
338 _avolume
_2rdacarrier
504 _aIncluye bibliografía.
505 0 _aResponsabilidad y pertinencia social -- Fundamentos históricos del diseño con responsabilidad y pertinencia social -- Responsabilidad social universitaria -- Conceptualización y propuesta para un diseño socialmente responsable.
526 _aP158
526 _aP146
526 _aP17
526 _aP12
526 _aP06
541 _g000006010;
650 0 4 _aDiseño industrial.
650 0 4 _aDiseñadores
_xÉtica profesional
_zColombia.
650 0 4 _aResponsabilidad social
_zColombia.
700 1 _aQuiñones Aguilar, Ana Cielo,
_eautor.
910 _agl
_clch
_d20130806
942 _2ddc
_cBOOK
949 _a745.4 B23
_wDEWEY
_c1
_i67903
_lCCODEBUL1
_mBUL
_p30.00
_r0
_sY
_tBOOK
_u2015-7-6
_xINGENIERIA
_PP06
_o.STAFF. Colección General
994 _aC0
_bPEPRU
596 _a1
999 _a745.4 B23
_wDEWEY
_c55414
_i67903
_d55414
_e2022-5-30
_f2021-11-5
_g7
_lCCODEBUL1
_mBUL
_n1
_p30.00
_r0
_sY
_tBOOK
_u2015-7-6
_xBIBLIOTECA
_PP06
_0COMPRA
_o.STAFF. Colección Ingenieria y Arquitectura
980 _81
_gALBERTO SANCHEZ Responsable de Automatización